| 000 | 00952nam a22002897a 4500 | ||
|---|---|---|---|
| 001 | 9929 | ||
| 003 | FISKH | ||
| 005 | 20260317104849.0 | ||
| 008 | 260317b cb ||||| |||| 00| 0 eng d | ||
| 020 | _a9780736856881 | ||
| 040 |
_aFISKH _beng _cFISKH _dFISKH |
||
| 050 | _aQE862 .O65 .C614 | ||
| 082 | _a567.914 | ||
| 100 | _aCohen , Daniel | ||
| 245 |
_aIguanodon / _cby Daniel Cohen |
||
| 260 |
_aMankato , Minnesota : _bBridgestone Books , _c2003 . |
||
| 300 |
_a24 pages : _bcolor illustrations ; _c20 X 20 cm . |
||
| 490 | _aThe Bridgestone Science Library: Discovering Dinosaurs | ||
| 505 | _aH | ||
| 520 | _aDescribes what is known of the physical characteristics, behavior, and habitat of this plant-eating dinosaur. | ||
| 521 | 8 |
_a450
_bLexile estimate |
|
| 521 | 8 |
_aH
_bRaz-Plus |
|
| 650 |
_aIguanodon _vJuvenile Literature |
||
| 700 |
_aBreithaupt , Brent _eConsultant |
||
| 942 |
_2ddc _cBK _n0 |
||
| 999 |
_c9929 _d9929 |
||